[Event "Polanica Zdroj op-C 52nd"]
[Site "Polanica Zdroj"]
[Date "2016.08.28"]
[Round "9"]
[White "Szydelko, Michal"]
[Black "Dudek, Wojciech"]
[Result "0-1"]
[WhiteElo "1609"]
[BlackElo "1939"]
[PlyCount "106"]
[EventDate "2016.08.20"]
[EventType "swiss"]
[EventRounds "9"]
[EventCountry "POL"]
[SourceTitle "CBM 174 Extra"]
[Source "ChessBase"]
[SourceDate "2016.10.10"]
[SourceVersion "1"]
[SourceVersionDate "2016.10.10"]
[SourceQuality "1"]

1. e4 Nf6 2. e5 Nd5 3. d4 d6 4. c4 Nb6 5. exd6 exd6 6. Nc3 Bf5 7. Be2 Be7 8. Nf3 0-0 9. 0-0 Re8 10. Be3 Bf6 11. Qd2 c6 12. Rac1 d5 13. cxd5 Nxd5 14. Nxd5 Qxd5 15. Bc4 Qd7 16. Rfe1 Be6 17. Bxe6 Rxe6 18. Bg5 Na6 19. Rxe6 Qxe6 20. Re1 Qd6 21. Bxf6 Qxf6 22. Qe3 h6 23. Qe7 Qxe7 24. Rxe7 Rb8 25. Ne5 f6 26. Nf3 Nb4 27. a3 Nd5 28. Re2 Kf7 29. g3 Rd8 30. Nd2 Ne7 31. Nb3 Nf5 32. Re4 Rd5 33. g4 Rb5 34. Nc5 Nd6 35. Re2 Nc4 36. b3 Nd6 37. b4 Nc4 38. Ra2 b6 39. Nb3 Ke6 40. Kg2 a5 41. Re2+ Kd7 42. Nd2 Nxd2 43. Rxd2 axb4 44. axb4 Rxb4 45. Kf3 Kd6 46. Ke3 Kd5 47. f3 Rb1 48. Kd3 Rb3+ 49. Ke2 Rc3 50. Rb2 b5 51. Rd2 b4 52. Rb2 b3 53. Kd2 Rxf3 0-1

[Event "Polanica Zdroj op-C 52nd"]
[Site "Polanica Zdroj"]
[Date "2016.08.28"]
[Round "5"]
[White "Wianecki, Mateusz"]
[Black "Dudek, Wojciech"]
[Result "0-1"]
[WhiteElo "1655"]
[BlackElo "1939"]
[PlyCount "84"]
[EventDate "2016.08.20"]
[EventType "swiss"]
[EventRounds "9"]
[EventCountry "POL"]
[SourceTitle "CBM 174 Extra"]
[Source "ChessBase"]
[SourceDate "2016.10.10"]
[SourceVersion "1"]
[SourceVersionDate "2016.10.10"]
[SourceQuality "1"]

1. b3 d5 2. Bb2 c5 3. e3 a6 4. f4 Nc6 5. Nf3 Bf5 6. Be2 e6 7. 0-0 h6 8. h3 d4 9. exd4 cxd4 10. d3 Bd6 11. Kh1 Bc7 12. Qe1 Nge7 13. Nh4 Qd7 14. Nd2 g5 15. fxg5 hxg5 16. Nxf5 exf5 17. Nf3 g4 18. Ng1 Qd6 19. g3 gxh3 20. Bc1 Qxg3 21. Qxg3 Bxg3 22. Bf4 Bxf4 23. Rxf4 0-0-0 24. Re1 Rh6 25. Nf3 Rd5 26. Ng5 f6 27. Ne6 Re5 28. Nxd4 Nxd4 29. Rxd4 Rg6 30. Rc4+ Kd7 31. d4 Re3 32. Rb4 Kc8 33. d5 Rg2 34. Rxb7 Rexe2 35. Rxe2 Rxe2 36. Ra7 Nxd5 37. Rxa6 Rxc2 38. a4 f4 39. Rd6 Rd2 40. Rc6+ Kd7 41. Rc1 f3 42. Rf1 f2 0-1

[Event "Nachod op"]
[Site "Nachod"]
[Date "2009.07.06"]
[Round "3"]
[White "Dudek, Wojciech"]
[Black "Jirka, Jiri"]
[Result "0-1"]
[WhiteElo "1980"]
[BlackElo "2440"]
[PlyCount "45"]
[EventDate "2009.07.04"]
[EventType "swiss"]
[EventRounds "9"]
[EventCountry "CZE"]
[SourceTitle "CBM 131 Extra"]
[Source "ChessBase"]
[SourceDate "2009.09.03"]
[SourceVersion "2"]
[SourceVersionDate "2009.09.16"]
[SourceQuality "1"]

1. d4 d5 2. Nf3 Nf6 3. Bf4 c5 4. e3 Nc6 5. c3 Nh5 6. Bg5 Qb6 7. Qb3 c4 8. Qxb6 axb6 9. e4 e6 10. e5 h6 11. Be3 g5 12. h4 g4 13. Ng1 b5 14. g3 b4 15. Be2 f5 16. Nh3 Rh7 17. 0-0 b5 18. cxb4 Nxb4 19. Na3 Rxa3 20. bxa3 Nc2 21. Rab1 Nxe3 22. Rxb5 Nxf1 23. Kxf1 0-1

[Event "Nachod op"]
[Site "Nachod"]
[Date "2009.07.04"]
[Round "1"]
[White "Zilka, Stepan"]
[Black "Dudek, Wojciech"]
[Result "1-0"]
[WhiteElo "2466"]
[BlackElo "1980"]
[PlyCount "61"]
[EventDate "2009.07.04"]
[EventType "swiss"]
[EventRounds "9"]
[EventCountry "CZE"]
[SourceTitle "CBM 131 Extra"]
[Source "ChessBase"]
[SourceDate "2009.09.03"]
[SourceVersion "2"]
[SourceVersionDate "2009.09.16"]
[SourceQuality "1"]

1. d4 Nf6 2. c4 e6 3. Nf3 Be7 4. g3 b6 5. Bg2 Bb7 6. 0-0 0-0 7. Nc3 d6 8. d5 e5 9. b3 Nbd7 10. Bb2 a5 11. Qc2 Nc5 12. Rad1 Bc8 13. Nxe5 dxe5 14. d6 Bb7 15. dxe7 Qxe7 16. Nd5 Nxd5 17. cxd5 Na6 18. Be4 g6 19. Qc3 Rfe8 20. Bg2 Qb4 21. Qc1 Qd6 22. e4 Qc5 23. Qa1 Qe7 24. f4 f6 25. Rf2 Rad8 26. g4 Rd6 27. g5 fxg5 28. fxe5 Rdd8 29. e6 Rf8 30. Bf6 Qc5 31. e7 1-0

[Event "Polanica Zdroj op-B 44th"]
[Site "Polanica Zdroj"]
[Date "2008.08.25"]
[Round "7"]
[White "Dudek, Wojciech"]
[Black "Khamidov, Komil"]
[Result "0-1"]
[WhiteElo "1993"]
[BlackElo "1932"]
[PlyCount "52"]
[EventDate "2008.08.19"]
[EventType "swiss"]
[EventRounds "10"]
[EventCountry "POL"]
[SourceTitle "CBM 126 Extra"]
[Source "ChessBase"]
[SourceDate "2008.11.05"]
[SourceVersion "1"]
[SourceVersionDate "2008.11.05"]
[SourceQuality "1"]

1. d4 e6 2. c4 d5 3. Nc3 Nf6 4. Nf3 Nbd7 5. Bg5 c6 6. e3 Qa5 7. Bxf6 Nxf6 8. h3 Ne4 9. Rc1 Nxc3 10. Rxc3 Ba3 11. Nd2 Bxb2 12. Rc2 Bc3 13. Bd3 dxc4 14. Bxc4 Bxd2+ 15. Rxd2 0-0 16. 0-0 b5 17. Bd3 Qb6 18. Qc2 h6 19. f4 a5 20. g4 f5 21. Rg2 a4 22. g5 hxg5 23. Rxg5 a3 24. h4 Rf6 25. Qg2 Ra7 26. Rc1 Rc7 0-1

[Event "Polanica Zdroj op-B 44th"]
[Site "Polanica Zdroj"]
[Date "2008.08.21"]
[Round "3"]
[White "Gabrys, Sebastian"]
[Black "Dudek, Wojciech"]
[Result "1-0"]
[WhiteElo "1826"]
[BlackElo "1993"]
[PlyCount "81"]
[EventDate "2008.08.19"]
[EventType "swiss"]
[EventRounds "10"]
[EventCountry "POL"]
[SourceTitle "CBM 126 Extra"]
[Source "ChessBase"]
[SourceDate "2008.11.05"]
[SourceVersion "1"]
[SourceVersionDate "2008.11.05"]
[SourceQuality "1"]

1. e4 c6 2. d4 d5 3. exd5 cxd5 4. c4 dxc4 5. Bxc4 Nf6 6. Nc3 g6 7. Nf3 Nc6 8. d5 Nb8 9. 0-0 Bg7 10. Re1 0-0 11. Qe2 Re8 12. Bf4 a6 13. a4 Nbd7 14. Qd2 b6 15. Nd4 Nc5 16. b4 Nb7 17. Nc6 Qd7 18. Rad1 Nd6 19. Bb3 Bb7 20. b5 axb5 21. axb5 Ra3 22. Qb2 Raa8 23. Qe2 Kf8 24. Na4 Nc8 25. Qe3 Qf5 26. Bc7 Rxa4 27. Bxa4 Nxd5 28. Rxd5 Qxd5 29. Bxb6 Nd6 30. Qe2 Nc8 31. Rd1 Qf5 32. Bc7 Bf6 33. Nd8 Ba8 34. b6 Rxd8 35. Rxd8+ Kg7 36. Bd7 Qd5 37. Bh3 Qg5 38. Rxc8 Bd5 39. f4 Bd4+ 40. Kh1 Qh4 41. Be5+ 1-0

[Event "Polanica Zdroj op-B 41st"]
[Site "Polanica Zdroj"]
[Date "2005.08.19"]
[Round "1"]
[White "Dudek, Wojciech"]
[Black "Cherednichenko, Svetlana"]
[Result "1/2-1/2"]
[WhiteElo "1933"]
[BlackElo "2200"]
[PlyCount "62"]
[EventDate "2005.08.19"]
[EventType "swiss"]
[EventRounds "10"]
[EventCountry "POL"]
[SourceTitle "CBM 108 Extra"]
[Source "ChessBase"]
[SourceDate "2005.11.04"]
[SourceVersion "1"]
[SourceVersionDate "2005.11.04"]
[SourceQuality "1"]

1. d4 Nf6 2. Nf3 g6 3. g3 Bg7 4. Bg2 0-0 5. 0-0 d6 6. c4 c5 7. d5 Na6 8. Nc3 Nc7 9. e4 Rb8 10. a4 b6 11. h3 a6 12. Qe2 b5 13. axb5 axb5 14. e5 Nfe8 15. cxb5 Bd7 16. Re1 Nxb5 17. Bf4 Nec7 18. Qd2 Qc8 19. Nh2 Qb7 20. Rad1 Ra8 21. Ne4 Ra2 22. Re2 Rfa8 23. Bh6 Bf5 24. Bxg7 Kxg7 25. exd6 exd6 26. h4 h5 27. Ng5 Re8 28. Qe1 Qc8 29. Re7 Rxe7 30. Qxe7 Qe8 31. Re1 Ra8 1/2-1/2